¿Crisis en democracia o democracia en crisis? /

Shranjeno v:
Bibliografske podrobnosti
Glavni avtor: Arcos, Carlos
Format: Texto
Teme:
Oznake: Označite
Brez oznak, prvi označite!

MARC

LEADER 00000 a a2200000 04500
001 8633
003
040
100 |a Arcos, Carlos  
245 |a ¿Crisis en democracia o democracia en crisis? /  |c Carlos Arcos 
650 |a SISTEMAS POLITICOS  
650 |a POLITICA  
650 |a DEMOCRACIA  
650 |a MOVILIZACION SOCIAL  
650 |a ECUADOR  
773 |g número 1; páginas 14-19  
999 |c 27572  |d 27572